El fenómeno de la amplificación de la onda sísmica en el sur de Desamparados

Zapisane w:
Opis bibliograficzny
1. autor: Fernández Castro, Adrián
Format: Książka
Wydane: [San José, Costa Rica] 2004
Hasła przedmiotowe:
Etykiety: Dodaj etykietę
Nie ma etykietki, Dołącz pierwszą etykiete!

MARC

LEADER 00000nam a2200000Ia 4500
003 009480
005 20221231144132.0
008 140114s2004 cr a m 000 ||s d
040 |c cru CEDI  
090 |a TFG 5020 
100 |a Fernández Castro, Adrián  |9 6113 
245 |a El fenómeno de la amplificación de la onda sísmica en el sur de Desamparados 
260 |c 2004  |a [San José, Costa Rica] 
300 |a  96 hojas : ilustraciones a color, mapas color  
500 |a  Tesis (licenciatura en ingeniería civil)--Universidad de Costa Rica. Escuela de Ingeniería Civil 
650 |x ONDAS SISMICAS   |x MEDICIONES   |x MECANICA DE SUELOS   |x VIBRACION (INGENIERIA)   |x  DESAMPARADOS (SAN JOSE, COSTA RICA)  |9 6115 
942 |c TFG 
999 |c 17403  |d 17403